[Event "URU-ch sf"]
[Site "Montevideo"]
[Date "2020.02.22"]
[Round "3"]
[White "Salguero, Rafael"]
[Black "Torales, Agustin"]
[Result "1-0"]
[WhiteElo "1906"]
[BlackElo "1623"]
[PlyCount "75"]
[EventDate "2020.02.21"]
[EventType "swiss"]
[EventRounds "8"]
[EventCountry "URU"]
[SourceTitle "CBM 195 Extra"]
[Source "ChessBase"]
[SourceDate "2020.05.31"]
[SourceVersion "1"]
[SourceVersionDate "2020.05.31"]
[SourceQuality "1"]

1. d4 Nf6 2. c4 g6 3. Nc3 Bg7 4. e4 d6 5. Nf3 0-0 6. Be2 e5 7. d5 a5 8. Bg5 Na6 9. Nd2 Nc5 10. b3 Bd7 11. a3 Qc8 12. b4 axb4 13. axb4 Rxa1 14. Qxa1 Na6 15. Qa3 h6 16. Bh4 Bg4 17. f3 Bd7 18. 0-0 Nh5 19. c5 dxc5 20. bxc5 Nf4 21. Bxa6 bxa6 22. c6 Bh3 23. Rf2 Bxg2 24. Rxg2 Qh3 25. Rg4 h5 26. Rxf4 exf4 27. Bf2 g5 28. Ne2 Qc8 29. Nc4 h4 30. e5 h3 31. Kh1 Qf5 32. Nd4 Qb1+ 33. Bg1 Qf1 34. Qa2 Bxe5 35. Nxe5 Re8 36. Ng4 Rd8 37. Qe2 Qa1 38. Qe5 1-0